000 00584nam a2200229Ia 4500
003 OSt
005 20220928145214.0
006 a|||||r|||| 00| 0
007 ta
008 220927b |||||||| |||| 00| 0 eng d
024 _a79418
037 _cTextual
040 _aSDCL
_cSDCL
_beng
041 _2eng
_aeng
082 _aX:71, L8
100 _aChisholm Roger
_9512092
245 0 _aPrinciples of microeconomics
260 _c1978
700 _a McCarty Marilo
_9512093
942 _hX:71, L8
_cTEXL
_2CC
999 _c832506
_d832506